[Event "AUTO-OPEN-587"]
[Site "http://www.queenalice.com/game.php?id=181006"]
[Date "2007.3.13"]
[Round "1"]
[White "Edneivd"]
[Black "AprendizdeXadrez"]
[Result "0-1"]
[WhiteElo "1100"]
[BlackElo "1266"]

1. Nf3 Nc6 2. d4 e6 3. Nc3 Bb4 4. e3 a6 5. Bd3 f6 6. O-O Nh6 7. a3 g6 8. axb4
Nxb4 9. e4 g5 10. Qe2 Nxd3 0-1

[Event "AUTO-OPEN-587"]
[Site "http://www.queenalice.com/game.php?id=181029"]
[Date "2007.3.13"]
[Round "1"]
[White "salso"]
[Black "Edneivd"]
[Result "1-0"]
[WhiteElo "1930"]
[BlackElo "1051"]

1. d4 e6 2. e4 Bb4+ 3. c3 Be7 4. Be3 Nf6 5. Nd2 d6 6. Be2 c6 7. Ngf3 Nbd7 8. O-O
Qb6 9. Qc2 Qa5 10. b4 Qh5 11. Qd3 Ng4 12. h3 Nxe3 13. Qxe3 d5 14. Ne5 Bg5 15. f4
Qh4 16. fxg5 Nxe5 17. dxe5 h6 18. exd5 hxg5 19. d6 f5 20. exf6 gxf6 21. Rxf6 Bd7
22. Rxe6+ Bxe6 23. Qxe6+ Kf8 24. Rf1+ Kg7 25. Qf7+ Kh6 26. Rf6# 1-0

[Event "AUTO-OPEN-587"]
[Site "http://www.queenalice.com/game.php?id=181030"]
[Date "2007.3.13"]
[Round "1"]
[White "Edneivd"]
[Black "salso"]
[Result "0-1"]
[WhiteElo "1161"]
[BlackElo "2059"]

1. d4 Nf6 2. Bg5 e6 3. Nf3 d5 4. c3 Nbd7 5. e3 Be7 6. Bd3 c5 7. Bb5 O-O 8. dxc5
Nxc5 9. O-O Nce4 10. Qd4 Nxg5 11. Nxg5 Qb6 12. Qa4 a6 13. Bd3 h6 14. Nf3 Bd7 15.
Qb3 Qxb3 16. axb3 Bd6 17. Nbd2 e5 18. e4 dxe4 19. Nxe4 Bc7 20. b4 Bc6 21. Nxf6+
gxf6 22. Nh4 e4 23. Bc4 Kg7 24. Nf5+ Kg6 25. Ne7+ Kg5 26. b5 Bxb5 27. b3 Bxc4
28. bxc4 Be5 29. Rab1 b5 30. cxb5 axb5 31. Rxb5 Rfe8 32. Nc6 Rac8 33. f3 Rxc6
34. f4+ Kg6 35. fxe5 Rxe5 36. c4 Rxc4 37. Rb6 Rf5 38. Re1 h5 39. h3 h4 40. Rb8
Rfc5 41. Rg8+ Kf5 42. Rf1+ Ke6 43. Re8+ Kd7 44. Rh8 e3 45. Rd1+ Ke7 46. Re1 Re4
47. Ra8 Ke6 48. Re8+ Kf5 49. Rf1+ Rf4 50. g4+ hxg3 0-1

[Event "AUTO-OPEN-587"]
[Site "http://www.queenalice.com/game.php?id=181043"]
[Date "2007.3.13"]
[Round "1"]
[White "felipebasso"]
[Black "Edneivd"]
[Result "1-0"]
[WhiteElo "1909"]
[BlackElo "995"]

1. e4 e5 2. Nf3 d6 3. Bc4 Bd7 4. O-O b5 5. Bb3 Qf6 6. Nc3 c6 7. d3 Bg4 8. h3 Bd7
9. d4 Be7 10. Bg5 Qg6 11. Bxe7 Nxe7 12. Kh2 b4 13. dxe5 bxc3 14. exd6 Qxe4 15.
Re1 Qf4+ 16. g3 Qf5 17. Ng1 Qxf2+ 18. Kh1 c5 19. Rxe7+ Kd8 20. Bxf7 Nc6 21. Qd5
cxb2 22. Rae1 Rb8 23. Rxd7+ Kxd7 24. Be6+ Kd8 25. Qxc6 Rb7 26. Qc8# 1-0

[Event "AUTO-OPEN-587"]
[Site "http://www.queenalice.com/game.php?id=181044"]
[Date "2007.3.13"]
[Round "1"]
[White "Edneivd"]
[Black "felipebasso"]
[Result "1-0"]
[WhiteElo "995"]
[BlackElo "1879"]

1. e4 c5 2. Nf3 Nc6 3. Bc4 e6 4. O-O Nf6 5. d3 d5 6. exd5 Nxd5 7. Bg5 Be7 8. Bd2
O-O 9. Qe2 Nd4 10. Nxd4 cxd4 11. Qg4 e5 12. Qg3 Bf6 13. Bb3 Be6 14. Na3 a6 15.
Nc4 b5 16. Nxe5 Bh4 17. Qf3 Qd6 18. Qh5 Bf6 19. Ng4 g6 20. Nxf6+ Nxf6 21. Qf3
Ng4 22. Bf4 Qd7 23. h3 Nf6 24. Bh6 Rfe8 25. Qxf6 1-0

[Event "AUTO-OPEN-589"]
[Site "http://www.queenalice.com/game.php?id=182074"]
[Date "2007.3.15"]
[Round "1"]
[White "black13"]
[Black "Edneivd"]
[Result "1-0"]
[WhiteElo "1749"]
[BlackElo "1051"]

1. e4 e5 2. Nf3 d6 3. d4 Be7 4. dxe5 Bg4 5. exd6 cxd6 6. Be2 Bf6 7. O-O Nd7 8.
Qxd6 Be7 9. Qg3 Ndf6 10. Nc3 a6 11. Bg5 Qc8 12. Rfd1 Bd8 13. Qe5+ Be7 14. h3 Be6
15. Nd4 a5 16. Ndb5 Bd8 17. Nd6+ Kf8 18. Nxc8 Rxc8 19. Qd6+ Ne7 20. Bb5 Bc7 21.
Qd4 h6 22. Bxf6 gxf6 23. Qxf6 Ng8 24. Qxh8 f6 25. Bd3 Be5 26. Qh7 b6 27. Na4 Bd4
28. c3 Bc5 29. Qb7 h5 30. Nxc5 Rxc5 31. Qxb6 Re5 32. f4 Bb3 33. fxe5 Bxd1 34.
Rxd1 fxe5 35. Qc7 Ke8 36. Bb5+ Kf8 37. Rd8# 1-0

[Event "AUTO-OPEN-589"]
[Site "http://www.queenalice.com/game.php?id=182075"]
[Date "2007.3.15"]
[Round "1"]
[White "Edneivd"]
[Black "black13"]
[Result "0-1"]
[WhiteElo "1098"]
[BlackElo "1872"]

1. Nf3 d5 2. e3 Nf6 3. Be2 c5 4. c3 Nc6 5. Bb5 Bd7 6. b3 a6 7. Be2 e5 8. O-O Be7
9. Bb2 O-O 10. a4 Qb6 11. Qc2 Bg4 12. Re1 h6 13. c4 d4 14. Bd3 Bxf3 15. gxf3 Nb4
16. a5 Nxc2 17. axb6 Nxa1 18. Bxa1 Rfc8 19. exd4 cxd4 20. Rxe5 Bc5 21. Be4 Nxe4
22. fxe4 Bxb6 23. h4 Re8 24. Rxe8+ Rxe8 25. d3 Re5 26. b4 Rh5 27. c5 Bxc5 28.
bxc5 Rxc5 29. Bxd4 Rc1+ 30. Kg2 Rxb1 31. e5 Rd1 32. h5 Rxd3 33. Bb6 Rb3 34. Bc7
b5 35. f4 Rc3 36. Ba5 Rb3 37. f5 Re3 38. Kf2 Rxe5 39. Bc7 Rxf5+ 40. Ke3 b4 41.
Ke4 Rb5 0-1

[Event "AUTO-OPEN-589"]
[Site "http://www.queenalice.com/game.php?id=182100"]
[Date "2007.3.15"]
[Round "1"]
[White "ArionnOlsen"]
[Black "Edneivd"]
[Result "0-1"]
[WhiteElo "1549"]
[BlackElo "995"]

1. d4 Nf6 2. c4 d5 3. Nc3 dxc4 4. e4 Bg4 5. Be2 Be6 6. d5 Bd7 7. Bxc4 e5 8. Nf3
Bd6 9. a3 c6 10. b4 b5 11. Bb3 cxd5 12. Bg5 h6 13. Bxf6 Qxf6 0-1

[Event "AUTO-OPEN-589"]
[Site "http://www.queenalice.com/game.php?id=182101"]
[Date "2007.3.15"]
[Round "1"]
[White "Edneivd"]
[Black "ArionnOlsen"]
[Result "1-0"]
[WhiteElo "995"]
[BlackElo "1549"]

1. Nf3 d5 2. Ne5 Nd7 3. d4 Nxe5 4. dxe5 e6 5. e3 Bc5 6. Qg4 Ne7 7. Qxg7 Ng6 8.
Be2 Bf8 9. Qf6 Qxf6 10. exf6 Bd7 11. h4 Bb4+ 12. c3 Bd6 13. h5 Ne5 14. Nd2 1-0

[Event "AUTO-OPEN-589"]
[Site "http://www.queenalice.com/game.php?id=182118"]
[Date "2007.3.15"]
[Round "1"]
[White "Edneivd"]
[Black "ray"]
[Result "0-1"]
[WhiteElo "1098"]
[BlackElo "1631"]

1. Nc3 c5 2. e3 Nc6 3. Bc4 e6 4. Nh3 g6 5. Qf3 Bg7 6. Nf4 Nge7 7. h4 O-O 8. h5
Ne5 9. Qe4 Nxc4 10. hxg6 fxg6 11. Qxc4 d5 12. Qxc5 b6 13. Qb4 Nc6 14. Qa4 Bd7
0-1

[Event "AUTO-OPEN-589"]
[Site "http://www.queenalice.com/game.php?id=182119"]
[Date "2007.3.15"]
[Round "1"]
[White "ray"]
[Black "Edneivd"]
[Result "1-0"]
[WhiteElo "1633"]
[BlackElo "1098"]

1. c4 d5 2. cxd5 Qxd5 3. Nc3 Qf5 4. Nf3 Nf6 5. g3 e6 6. Bg2 h5 7. O-O Ng4 8. e4
Qf6 9. h3 Ne5 10. d4 Nxf3+ 11. Bxf3 h4 12. g4 Bd6 13. e5 Bxe5 14. dxe5 Qxe5 15.
Re1 Qc5 16. Qd3 1-0

[Event "AUTO-OPEN-701"]
[Site "http://www.queenalice.com/game.php?id=226296"]
[Date "2007.6.16"]
[Round "1"]
[White "Edneivd"]
[Black "trunksjackson"]
[Result "0-1"]
[WhiteElo "1161"]
[BlackElo "1921"]

1. e4 c5 2. Qf3 Nc6 3. Bc4 Nf6 4. c3 Ne5 5. Qe2 Nxc4 6. Qxc4 e6 7. d3 d5 8. Qb5+
Qd7 9. Qxd7+ Bxd7 10. Nf3 dxe4 11. dxe4 Nxe4 12. a4 Bc6 13. Nbd2 Nxd2 14. Nxd2
Bxg2 15. Rg1 Bc6 16. Nc4 g6 17. h4 Rd8 18. Bg5 Be7 19. Rd1 Rxd1+ 20. Kxd1 Bxa4+
21. Kd2 Bxg5+ 22. Rxg5 f5 23. Nd6+ Ke7 24. Nxb7 Rb8 25. Nxc5 Bb3 26. f4 Rd8+ 27.
Kc1 Rd1# 0-1

[Event "AUTO-OPEN-701"]
[Site "http://www.queenalice.com/game.php?id=226297"]
[Date "2007.6.16"]
[Round "1"]
[White "trunksjackson"]
[Black "Edneivd"]
[Result "1-0"]
[WhiteElo "1920"]
[BlackElo "1161"]

1. e4 e5 2. f4 exf4 3. Nf3 d6 4. Bc4 Qf6 5. Nc3 h5 6. d4 a6 7. O-O h4 8. e5 Qg6
9. Bxf4 h3 10. Ng5 Be6 11. Bxe6 fxe6 12. Qg4 hxg2 13. Rf2 Nh6 14. Qxe6+ Qxe6 15.
Nxe6 dxe5 16. Nxc7+ Kd7 17. Bxe5 Ng4 18. Rf7+ Kc6 19. d5+ Kc5 20. Ne4+ Kc4 21.
b3+ Kb4 22. a3+ Ka5 23. b4+ Ka4 24. Nc3# 1-0